[Event "CAN-ch U16"]
[Site "Windsor"]
[Date "2015.07.09"]
[Round "7.13"]
[White "Baskaran, Karthik"]
[Black "Richard, Lewis"]
[Result "1-0"]
[WhiteElo "1669"]
[BlackElo "1395"]
[PlyCount "51"]
[EventDate "2015.07.06"]
[EventType "swiss"]
[EventRounds "7"]
[EventCountry "CAN"]
[SourceTitle "EXT 2022"]
[Source "ChessBase"]
[SourceDate "2021.10.06"]
[SourceVersion "1"]
[SourceVersionDate "2021.10.06"]
[SourceQuality "1"]

1. e4 e6 2. d4 c5 3. Nf3 cxd4 4. Nxd4 d5 5. exd5 exd5 6. Bb5+ Bd7 7. Qe2+ Be7 8. 0-0 Nf6 9. Re1 Ne4 10. f3 Nd6 11. Bxd7+ Qxd7 12. Nd2 Nc6 13. N2b3 Nc8 14. Bf4 Nxd4 15. Nxd4 0-0 16. Qd3 Nd6 17. Rad1 Bf6 18. c3 Rfe8 19. Nc2 Rxe1+ 20. Rxe1 Nb5 21. Nb4 Re8 22. Rxe8+ Qxe8 23. Kf2 Bh4+ 24. g3 Bd8 25. Nxd5 Qd7 26. Nf6+ 1-0

[Event "Toronto NAYCC U14"]
[Site "Toronto"]
[Date "2013.08.17"]
[Round "6"]
[White "Baskaran, Karthik"]
[Black "Hua, Justin"]
[Result "1-0"]
[WhiteElo "1382"]
[BlackElo "1210"]
[PlyCount "97"]
[EventDate "2013.08.14"]
[EventType "swiss"]
[EventRounds "9"]
[EventCountry "CAN"]
[SourceTitle "EXT 2022"]
[Source "ChessBase"]
[SourceDate "2021.10.06"]
[SourceVersion "1"]
[SourceVersionDate "2021.10.06"]
[SourceQuality "1"]

1. e4 e5 2. Nf3 Nc6 3. Bc4 Nf6 4. d3 Be7 5. Nc3 d6 6. h3 Be6 7. Bb3 Nd4 8. Be3 Nxb3 9. axb3 Qd7 10. Ng5 0-0 11. f4 exf4 12. Bxf4 Qc6 13. 0-0 Nd7 14. Nxe6 fxe6 15. Qg4 Qc5+ 16. Kh1 Rf6 17. Rad1 Rg6 18. d4 Qc6 19. Qe2 Rf8 20. d5 Qc5 21. Be3 Rxf1+ 22. Rxf1 Qb4 23. dxe6 Rxe6 24. Qg4 Rf6 25. Rxf6 Nxf6 26. Qc8+ Kf7 27. Qxc7 Nxe4 28. Qxe7+ Kxe7 29. Nd5+ Kd7 30. Nxb4 Ng3+ 31. Kg1 a5 32. Nd5 Nf5 33. Bb6 Kc6 34. c4 Ng3 35. Bxa5 Ne2+ 36. Kf2 Nd4 37. Bc3 Nxb3 38. Bxg7 Kc5 39. Ne3 Nd2 40. Kg3 Nxc4 41. Nxc4 Kxc4 42. Kf3 Kd3 43. g4 d5 44. h4 d4 45. g5 Kc4 46. h5 d3 47. Ke3 b5 48. g6 hxg6 49. hxg6 1-0

[Event "Toronto NAYCC U14"]
[Site "Toronto"]
[Date "2013.08.14"]
[Round "1"]
[White "Ye, Hanyuan"]
[Black "Baskaran, Karthik"]
[Result "1-0"]
[WhiteElo "1971"]
[BlackElo "1382"]
[PlyCount "141"]
[EventDate "2013.08.14"]
[EventType "swiss"]
[EventRounds "9"]
[EventCountry "CAN"]
[SourceTitle "EXT 2022"]
[Source "ChessBase"]
[SourceDate "2021.10.06"]
[SourceVersion "1"]
[SourceVersionDate "2021.10.06"]
[SourceQuality "1"]

1. e4 c5 2. Nf3 Nc6 3. d4 cxd4 4. Nxd4 d6 5. c4 Nf6 6. Nc3 Bd7 7. Be3 Qc7 8. Be2 a6 9. 0-0 g6 10. Nd5 Nxd5 11. cxd5 Ne5 12. Rc1 Qd8 13. f4 Bh6 14. Rc3 f6 15. fxe5 Bxe3+ 16. Rxe3 dxe5 17. Nf3 Qb6 18. Qb3 Qa7 19. Kh1 Rc8 20. Rc3 0-0 21. Rfc1 Rxc3 22. Rxc3 Rc8 23. Rxc8+ Bxc8 24. d6+ e6 25. Bc4 Kf7 26. Qd3 Bd7 27. Qd2 g5 28. Qa5 b5 29. Bb3 g4 30. Ng1 Qb7 31. Qd8 Bc6 32. Qc7+ Qxc7 33. dxc7 Bb7 34. Ne2 Ke7 35. Nc3 Kd7 36. Kg1 Bc8 37. Kf2 Kxc7 38. Kg3 f5 39. h3 gxh3 40. Kxh3 f4 41. Kg4 Kd6 42. Kg5 Bb7 43. Bc2 Kc5 44. Ne2 a5 45. Kf6 Kd6 46. Kg5 Kc5 47. Kh6 Bc6 48. Kxh7 b4 49. Bd3 Bb5 50. Bxb5 Kxb5 51. b3 a4 52. Kg6 axb3 53. axb3 Kc6 54. Kf6 f3 55. gxf3 Kd6 56. Nc1 Kc5 57. Kxe5 Kc6 58. Kxe6 Kc5 59. Ke5 Kc6 60. Nd3 Kd7 61. Nxb4 Ke8 62. Nc6 Kf7 63. b4 Ke8 64. Ke6 Kf8 65. b5 Ke8 66. b6 Kf8 67. b7 Kg7 68. b8Q Kg6 69. Qg8+ Kh5 70. Kf5 Kh4 71. Qg4# 1-0

[Event "CAN-ch U14"]
[Site "Ottawa"]
[Date "2013.07.12"]
[Round "5"]
[White "Baskaran, Karthik"]
[Black "Colvin, Andrew"]
[Result "1-0"]
[WhiteElo "1368"]
[BlackElo "1043"]
[PlyCount "67"]
[EventDate "2013.07.10"]
[EventType "swiss"]
[EventRounds "6"]
[EventCountry "CAN"]
[SourceTitle "EXT 2022"]
[Source "ChessBase"]
[SourceDate "2021.10.06"]
[SourceVersion "1"]
[SourceVersionDate "2021.10.06"]
[SourceQuality "1"]

1. e4 e5 2. Nf3 Nf6 3. Nc3 Nc6 4. Bc4 h6 5. d3 Bb4 6. Bd2 a6 7. a3 Bc5 8. h3 d6 9. Be3 Bxe3 10. fxe3 Bd7 11. 0-0 0-0 12. d4 exd4 13. exd4 Qc8 14. e5 dxe5 15. Nxe5 Nxe5 16. dxe5 Ne8 17. Ne4 c6 18. Nc5 Bxh3 19. gxh3 Qxh3 20. Qf3 Qxf3 21. Rxf3 Nc7 22. Nd7 Rfd8 23. Rxf7 Kh8 24. Nb6 Rab8 25. Rxc7 Rd2 26. Bd3 Rf8 27. Rc8 Rxc8 28. Nxc8 g5 29. e6 Kg8 30. Rf1 Kg7 31. e7 b5 32. e8Q c5 33. Qg6+ Kh8 34. Qh7# 1-0

[Event "CAN-ch U14"]
[Site "Ottawa"]
[Date "2013.07.10"]
[Round "1"]
[White "Baskaran, Karthik"]
[Black "Cao, Jason"]
[Result "0-1"]
[WhiteElo "1368"]
[BlackElo "2239"]
[PlyCount "62"]
[EventDate "2013.07.10"]
[EventType "swiss"]
[EventRounds "6"]
[EventCountry "CAN"]
[SourceTitle "EXT 2022"]
[Source "ChessBase"]
[SourceDate "2021.10.06"]
[SourceVersion "1"]
[SourceVersionDate "2021.10.06"]
[SourceQuality "1"]

1. e4 c5 2. Nf3 d6 3. d4 cxd4 4. Nxd4 Nf6 5. Nc3 a6 6. Be3 e5 7. Nb3 Be7 8. Be2 0-0 9. f3 Be6 10. 0-0 Nbd7 11. Nd5 Nxd5 12. exd5 Bf5 13. c4 Rc8 14. Nd2 Bg6 15. Ne4 f5 16. Nc3 Bg5 17. f4 exf4 18. Bxf4 Qb6+ 19. Kh1 Bxf4 20. Rxf4 Qxb2 21. Na4 Qe5 22. Qd4 Qxe2 23. Raf1 Qe5 24. Qa7 Rfe8 25. h3 Nf6 26. Qxb7 Nh5 27. R4f3 Ng3+ 28. Rxg3 Qxg3 29. Qxa6 f4 30. Qxd6 Be4 31. Rg1 Qxh3# 0-1

[Event "CAN-ch U12"]
[Site "Vancouver"]
[Date "2012.07.03"]
[Round "1"]
[White "Hou, Frank Gui"]
[Black "Baskaran, Karthik"]
[Result "1-0"]
[WhiteElo "1200"]
[BlackElo "746"]
[PlyCount "123"]
[EventDate "2012.07.03"]
[EventType "swiss"]
[EventRounds "7"]
[EventCountry "CAN"]
[SourceTitle "EXT 2022"]
[Source "ChessBase"]
[SourceDate "2021.10.06"]
[SourceVersion "1"]
[SourceVersionDate "2021.10.06"]
[SourceQuality "1"]

1. e4 e5 2. Nf3 Nc6 3. Bb5 Nf6 4. Bxc6 bxc6 5. Nxe5 Qe7 6. d4 d6 7. Nxc6 Qxe4+ 8. Qe2 Qxe2+ 9. Kxe2 Bd7 10. Nb4 d5 11. Nd3 Bd6 12. Re1 0-0 13. Kf1 Bb5 14. Nc3 Bxd3+ 15. cxd3 Bb4 16. Bd2 Bxc3 17. Bxc3 Rae8 18. Rac1 Ng4 19. Kg1 Re6 20. f3 Nf6 21. Ba5 c6 22. Rxe6 fxe6 23. Rxc6 Rb8 24. b3 Kf7 25. Rc7+ Kg6 26. Rxa7 Kf5 27. Bc7 Rb4 28. Be5 Kg6 29. Kf2 Nh5 30. g4 Nf6 31. h4 Rb6 32. h5+ Kh6 33. Bf4+ g5 34. Be5 Ne8 35. Ra8 Nd6 36. f4 gxf4 37. Bxf4+ Kg7 38. h6+ Kg6 39. Rg8+ Kf7 40. Rd8 Ne8 41. Rb8 Ra6 42. a4 Nf6 43. g5 Nh5 44. Be5 Kg6 45. Kf3 Kxg5 46. Rg8+ Kf5 47. Ke2 Rb6 48. Rb8 Rc6 49. Kd2 Kg6 50. a5 Kxh6 51. b4 Ng7 52. Bxg7+ Kxg7 53. b5 Rc7 54. a6 h5 55. Rb7 Rxb7 56. axb7 h4 57. b8Q h3 58. Qh2 Kf7 59. Qxh3 Ke7 60. b6 Kd7 61. Qh7+ Kc8 62. Qc7# 1-0